000 02248cab a22004695a 4500
001 L158999
008 151130e2015 xxk 000 0 eng d
035 _a(Sirsi) u158999
041 0 _aeng
100 1 _aHodgson, Mary
245 0 0 _aTo err is human: Negligence and how to avoid it
260 _c2015
490 _aJournal of Building Survey, Appraisal & Valuation
_v4(2) Autumn 2015, 144-149(5)
520 _aLooks at the basic elements required to make a claim in professional negligence against a surveyor dealing with issues relating to duty of care, breach of duty, causation and loss. Defences, exclusions and limitations of liability are considered, as are the instances in which they are most likely to be successfully deployed. Case law is used to provide examples as well as guidance on ways to avoid negligence. (Taken from Journal abstract)
590 _aKA
650 2 4 _aPROFESSIONAL NEGLIGENCE
650 2 4 _aDUTY OF CARE
650 2 4 _aPROFESSIONAL LIABILITY
650 2 4 _aDONOGHUE V STEVENSON
650 2 4 _aHOLT V PAYNE SKILLINGTON AND ANOR
650 2 4 _aHEDLEY BYRNE AND CO LTD V HELLER AND PARTNERS LTD
650 2 4 _aSCULLION V BANK OF SCOTLAND PLC (T/A COLLEYS)
650 2 4 _a(DENBIGH) LTD V KNIGHT FRANK LLP
650 2 4 _aBOLAM V FRIERN HOSPITAL
650 2 4 _aEARL OF MALMESBURY V STRUTT & PARKER
650 2 4 _aMW HIGH TECH PROJECTS UK LTD V HAASE ENVIRONMENTAL CONSULTING GMBH
650 2 4 _aWHALLEY V ROBERTS & ROBERTS
650 2 4 _aHEATLEY V WILLIAM H BROWN LTD
650 2 4 _aSINGER AND FRIEDLANDER LTD V JOHN D WOOD AND CO
650 2 4 _aK/S LINCOLN AND OTHERS V CB RICHARD ELLIS HOTELS LTD
650 2 4 _aMOUNT BANKING CORPORATION V BRIAN COOPER & CO
650 2 4 _aTIUTA INTERNATIONAL LTD (IN LIQUIDATION) V DE VILLIERS CHARTERED SURVEYORS
650 2 4 _aBANQUE BRUXELLES LAMBERT SA V EAGLE STAR INSURANCE CO LTD
650 2 4 _aWATTS V MORROW
650 2 4 _aSOUTH AUSTRALIA ASSET MANAGEMENT CORPORATION V YORK MONTAGUE LTD
650 2 4 _aWROTHAM PARK SETTLED ESTATES LTD V HARTSMERE BOROUGH COUNCIL
650 2 4 _aBRISTOL & WEST BUILDING SOCIETY V FANCY & JACKSON
650 2 4 _aMARGINS OF ERROR
651 4 _aUnited Kingdom
_y
690 _aBusiness and management
942 _n0
999 _c84762
_d84762